| 000 | 00606nam a22001817a 4500 | ||
|---|---|---|---|
| 020 | _a978105358057 | ||
| 037 | _bBBB/Ven | ||
| 245 |
_aHuman body Encyclopedia / _cedited by Cheryl Telfer, Ben Morgan [and] Zahavit Shalev illustrated by Peter Bull |
||
| 260 |
_aLondon _bDorling Kindersley Publisher _c2005 |
||
| 270 |
_a80 Strand, _bLondon _eWC2R 0RL |
||
| 300 |
_a128p. : _bcol.ill. _c24cm(pbk) |
||
| 500 | _aIncludes index | ||
| 700 | _aedited by Telfer, Cheryl | ||
| 700 | _aedited by Morgan, Ben | ||
| 700 | _aedited by Shalev,Zahavit | ||
| 700 | _aillustrated byBull, Peter | ||
| 942 |
_2ddc _cEN _kHUM |
||
| 999 |
_c79406 _d79406 |
||